Automatizované systémy riadenia

Salvato in:
Dettagli Bibliografici
Natura: Periodico
Lingua:slovacco
Pubblicazione: Bratislava Ústav systémového inžinierstva priemyslu
Tags: Aggiungi Tag
Nessun Tag, puoi essere il primo ad aggiungerne!!

MARC

LEADER 00000nas1a2200000$$$4500
001 0007387
005 20041019155717.9
041 0 |a slo 
044 |a SK 
245 1 0 |a Automatizované systémy riadenia 
264 1 |a Bratislava  |b Ústav systémového inžinierstva priemyslu